00792nam a2200205 a 450000100100000000500170001000800410002702000150006804000250008310000380010824501100014626000720025630000210032849000210034950400730037071000400044371000540048370000280053783000210056500004109820201002034622.0130930s2006 sp 000 0 spa d a8400084381 aDO-SdBNPbspacBNPHU1 aSánchez Román, José Antonio10aCiencia, tecnología y género en Iberoamérica /ccoordinadora Eulalia Pérez Sedeño ...[et al.],. aMadrid :bConsejo Superior de Investigaciones Científicas,c2006. a560 p. ;c22 cm.1 aMonografíav29 aIncluye referencias bibliográficas y notas al pie de las páginas2 aMinisterio de Educación y Ciencia2 aConsejo Superior de Investigaciones Científicas1 aAlcalá, Paloma,ecoor 0aMonografíav29